[Event "European Youth Chess Championship B12"]
[Site "Prague, Top Hotel Prague"]
[Date "2016.08.18"]
[Round "1.71"]
[White "Kien, Clovis"]
[Black "Hommel, Niclas"]
[Result "0-1"]
[WhiteElo "1336"]
[BlackElo "1816"]
[PlyCount "72"]
[EventDate "2016.08.18"]

1. e4 c5 2. Nf3 Nc6 3. Nc3 Nf6 4. Bb5 e6 5. O-O Be7 6. d4 cxd4 7. Nxd4 O-O 8.
Kh1 a6 9. Be2 Qc7 10. f4 b5 11. a3 Bb7 12. Bf3 Rad8 13. Be3 Na5 14. Qd3 Rc8 15.
e5 Ne8 16. Rae1 Nc4 17. Bc1 f5 18. Rd1 Bxf3 19. Rxf3 Nb6 20. h3 Qb7 21. Be3 Nc7
22. Kh2 Ncd5 23. g4 Nxc3 24. bxc3 Nc4 25. Rg3 Nb2 26. Nxf5 Nxd3 27. Nxe7+ Kh8
28. Nxc8 Rxc8 29. Rxd3 a5 30. Bc1 b4 31. cxb4 Rxc2+ 32. Bd2 axb4 33. axb4 Qxb4
34. Rg2 Qa4 35. Be3 Rxg2+ 36. Kxg2 Qe4+ 0-1

[Event "European Youth Chess Championship B12"]
[Site "Prague, Top Hotel Prague"]
[Date "2016.08.18"]
[Round "1.72"]
[White "Koziorowicz, Michal"]
[Black "Papuc, David"]
[Result "1/2-1/2"]
[WhiteElo "1816"]
[BlackElo "1329"]
[PlyCount "84"]
[EventDate "2016.08.18"]

1. e4 c6 2. d4 d5 3. Nc3 dxe4 4. Nxe4 Nf6 5. Nxf6+ gxf6 6. c3 Qd5 7. Qf3 Qxf3
8. Nxf3 Bg4 9. Be2 Nd7 10. Bf4 e6 11. O-O-O O-O-O 12. Rhe1 Be7 13. Nd2 Bxe2 14.
Rxe2 Rhg8 15. f3 Nb6 16. Bg3 Rd7 17. Rde1 Nd5 18. Nc4 h5 19. Ne3 Nxe3 20. Rxe3
f5 21. R3e2 Bg5+ 22. Kc2 f4 23. Bf2 Bd8 24. Rg1 Bc7 25. Bh4 Bd8 26. Bxd8 Rdxd8
27. Re4 Rg7 28. Rxf4 Rdg8 29. g3 f5 30. Rh4 Rh8 31. Kd3 Kd7 32. Ke3 Kd6 33. g4
e5 34. dxe5+ Kxe5 35. f4+ Kf6 36. g5+ Kg6 37. Rd1 Re8+ 38. Kf2 Rge7 39. Rd2 Re3
40. Rd6+ Kg7 41. Rd7+ Kg6 42. Rd6+ Kg7 1/2-1/2

[Event "European Youth Chess Championship B12"]
[Site "Prague, Top Hotel Prague"]
[Date "2016.08.18"]
[Round "1.73"]
[White "Winkin, Jos"]
[Black "Neumann, Filip"]
[Result "0-1"]
[WhiteElo "1247"]
[BlackElo "1812"]
[PlyCount "108"]
[EventDate "2016.08.18"]

1. e4 e6 2. d4 d5 3. exd5 exd5 4. c3 Bd6 5. Nf3 c6 6. Bd3 Ne7 7. Bg5 f6 8. Bh4
Bf5 9. O-O O-O 10. Qc2 Bxd3 11. Qxd3 Re8 12. Nbd2 Nd7 13. c4 dxc4 14. Nxc4 Bc7
15. Qb3 Kh8 16. Bg3 Bxg3 17. fxg3 Nb6 18. Nfe5 fxe5 19. Nxe5 Qxd4+ 20. Rf2 Qxe5
21. Raf1 Qd5 22. Qxd5 Nbxd5 23. Re1 Rf8 24. Rfe2 Kg8 25. b4 Rf7 26. h3 Raf8 27.
a3 Nf5 28. g4 Nfe3 29. Rxe3 Rf1+ 30. Rxf1 Rxf1+ 31. Kxf1 Nxe3+ 32. Kf2 Nc2 33.
g3 Nxa3 34. Kf3 Nc2 35. Ke2 Nxb4 36. Kd2 a5 37. Kc3 b5 38. Kb3 c5 39. Kc3 a4
40. Kb2 c4 41. Kc3 a3 42. Kxb4 a2 43. Kxb5 a1=Q 44. Kxc4 Kf7 45. Kd5 Ke7 46.
Ke4 Ke6 47. g5 Qa4+ 48. Kf3 Ke5 49. h4 g6 50. g4 Qb3+ 51. Kf2 Kf4 52. Ke2 Qc2+
53. Kf1 Kf3 54. Kg1 Qg2# 0-1

[Event "European Youth Chess Championship B12"]
[Site "Prague, Top Hotel Prague"]
[Date "2016.08.18"]
[Round "1.74"]
[White "Stoyanov, Georgi"]
[Black "Berezovsky, Jonathan"]
[Result "1-0"]
[WhiteElo "1810"]
[BlackElo "1164"]
[PlyCount "48"]
[EventDate "2016.08.18"]

1. e4 c5 2. Nf3 a6 3. c4 e6 4. Nc3 Nc6 5. Be2 g6 6. d4 cxd4 7. Nxd4 Bg7 8. Be3
Nge7 9. O-O O-O 10. Qd2 Nxd4 11. Bxd4 f6 12. Be3 Nc6 13. Rad1 Rf7 14. f4 Qc7
15. Na4 Rb8 16. Bb6 Qxb6+ 17. Nxb6 Bf8 18. Qe3 f5 19. e5 Bb4 20. a3 Ba5 21. b4
Bxb6 22. Qxb6 Rf8 23. Bf3 Rf7 24. Bxc6 dxc6 1-0

[Event "European Youth Chess Championship B12"]
[Site "Prague, Top Hotel Prague"]
[Date "2016.08.18"]
[Round "1.75"]
[White "Stagno, Matteo"]
[Black "Nguyen, Lucas"]
[Result "0-1"]
[WhiteElo "1142"]
[BlackElo "1806"]
[PlyCount "48"]
[EventDate "2016.08.18"]

1. d4 Nf6 2. Nf3 e6 3. e3 b6 4. Bd3 Bb7 5. O-O c5 6. c3 Nc6 7. e4 Be7 8. e5 Nd5
9. Re1 O-O 10. Bd2 Rc8 11. Na3 cxd4 12. cxd4 Ncb4 13. Be4 Bc6 14. Nc2 h6 15. a3
Nxc2 16. Qxc2 f5 17. Bd3 Qe8 18. Re3 Nxe3 19. Bxe3 Bxf3 20. Qd2 Qg6 21. g3 Qh5
22. Bf1 Be4 23. Bf4 Qf3 24. Qe3 Qh1# 0-1

[Event "European Youth Chess Championship B12"]
[Site "Prague, Top Hotel Prague"]
[Date "2016.08.18"]
[Round "1.76"]
[White "Biletskiy, Danylo"]
[Black "Spada, Dario"]
[Result "1-0"]
[WhiteElo "1796"]
[BlackElo "1132"]
[PlyCount "67"]
[EventDate "2016.??.??"]

1. Nf3 Nf6 2. c4 e6 3. g3 Be7 4. Bg2 O-O 5. O-O d5 6. d4 c5 7. cxd5 Nxd5 8. e4
Nf6 9. Nc3 b6 10. dxc5 Bxc5 11. Qxd8 Rxd8 12. Bg5 Re8 13. Bxf6 gxf6 14. e5 Bb7
15. Rfd1 fxe5 16. Nxe5 Bxg2 17. Kxg2 f6 18. Nd7 Nxd7 19. Rxd7 Red8 20. Rad1
Rxd7 21. Rxd7 a6 22. Ne4 Rf8 23. Nxc5 bxc5 24. Rd6 Kf7 25. Rxa6 Rb8 26. b3 e5
27. Kf3 Kg6 28. g4 Rb4 29. Rc6 Rb5 30. h4 h6 31. Ke3 Ra5 32. a4 Kf7 33. Ke4 Ke7
34. Kf5 1-0

[Event "European Youth Chess Championship B12"]
[Site "Prague, Top Hotel Prague"]
[Date "2016.08.19"]
[Round "2.1"]
[White "Bjerre, Jonas"]
[Black "Bin-Suhayl, Ieysaa"]
[Result "1-0"]
[WhiteElo "2382"]
[BlackElo "1899"]
[PlyCount "77"]
[EventDate "2016.08.18"]

1. e4 e6 2. d4 d5 3. Nd2 Nf6 4. e5 Nfd7 5. Bd3 b6 6. Ne2 c5 7. c3 Ba6 8. Bxa6
Nxa6 9. O-O Be7 10. f4 O-O 11. f5 exf5 12. Rxf5 Nc7 13. Rf1 Ne6 14. Nf3 Qc7 15.
Nf4 Qc6 16. Qb3 c4 17. Qc2 Rfe8 18. Nh5 g6 19. Ng3 b5 20. h4 b4 21. h5 Rab8 22.
Qf2 bxc3 23. bxc3 Rb6 24. Nh2 Nd8 25. Ng4 Qe6 26. Qf3 Kg7 27. Ne2 f6 28. Bh6+
Kg8 29. Nf4 Qf7 30. Nxd5 fxe5 31. Nxb6 axb6 32. Qe4 Qe6 33. hxg6 hxg6 34. d5
Bc5+ 35. Kh1 Qe7 36. Qxg6+ Kh8 37. Bg7+ Qxg7 38. Qxe8+ Nf8 39. Qh5+ 1-0

[Event "European Youth Chess Championship B12"]
[Site "Prague, Top Hotel Prague"]
[Date "2016.08.19"]
[Round "2.2"]
[White "Gharibyan, Mamikon"]
[Black "Verma, Aditya"]
[Result "1-0"]
[WhiteElo "2194"]
[BlackElo "1890"]
[PlyCount "95"]
[EventDate "2016.08.18"]

1. d4 d5 2. c4 c6 3. Nf3 Nf6 4. Qc2 dxc4 5. Qxc4 Bf5 6. g3 e6 7. Bg2 Nbd7 8.
O-O Be7 9. Nc3 O-O 10. Re1 Ne4 11. Qb3 Qb6 12. Nh4 Bxh4 13. gxh4 Ndf6 14. f3
Nxc3 15. bxc3 Qc7 16. e4 Bg6 17. Be3 Nh5 18. Bf2 h6 19. Rab1 b6 20. c4 Rfd8 21.
Qc3 Rac8 22. c5 b5 23. a4 a6 24. Ra1 Ra8 25. Ra2 Rdb8 26. axb5 axb5 27. Rea1
Rxa2 28. Rxa2 Rd8 29. Qa5 Qxa5 30. Rxa5 Nf4 31. Bf1 Bh5 32. Ra3 f6 33. Be3 Ng6
34. Bh3 Nxh4 35. Bxe6+ Bf7 36. Bxf7+ Kxf7 37. Kf2 Ke6 38. Ra7 Rd7 39. Ra6 Rc7
40. Bf4 Rc8 41. d5+ Kd7 42. Ra7+ Kd8 43. Rxg7 cxd5 44. Bd6 dxe4 45. fxe4 f5 46.
e5 f4 47. e6 Nf5 48. Rg8# 1-0

[Event "European Youth Chess Championship B12"]
[Site "Prague, Top Hotel Prague"]
[Date "2016.08.19"]
[Round "2.3"]
[White "Astner, Sebastian"]
[Black "Gines, Esteo Pedro Antonio"]
[Result "0-1"]
[WhiteElo "1893"]
[BlackElo "2194"]
[PlyCount "76"]
[EventDate "2016.08.18"]

1. e4 d6 2. d4 Nf6 3. Nc3 e5 4. dxe5 dxe5 5. Qxd8+ Kxd8 6. Bc4 Be6 7. Bxe6 fxe6
8. f3 a6 9. Nd1 Bd6 10. Ne3 Ke7 11. Bd2 b5 12. Nh3 c5 13. Nf2 Nc6 14. O-O-O
Rhd8 15. Neg4 h5 16. Nxf6 gxf6 17. g4 Nd4 18. g5 f5 19. exf5 exf5 20. f4 exf4
21. Nh3 Re8 22. Rhf1 Rad8 23. c3 Ne6 24. Nxf4 Bxf4 25. Bxf4 Rxd1+ 26. Kxd1 Kf7
27. Kd2 h4 28. Be3 Kg6 29. Rg1 Rh8 30. Ke2 f4 31. Bc1 Kf5 32. g6 Rg8 33. Rd1
Rxg6 34. Kf2 h3 35. Rd5+ Ke4 36. Rd2 Rg2+ 37. Ke1 Rg1+ 38. Kf2 Rxc1 0-1

[Event "European Youth Chess Championship B12"]
[Site "Prague, Top Hotel Prague"]
[Date "2016.08.19"]
[Round "2.4"]
[White "Suleymanli, Aydin"]
[Black "Ben Ari, Yannay"]
[Result "1-0"]
[WhiteElo "2145"]
[BlackElo "1883"]
[PlyCount "93"]
[EventDate "2016.08.18"]

1. d4 Nf6 2. c4 e6 3. Nf3 c5 4. Nc3 cxd4 5. Nxd4 a6 6. g3 Qc7 7. e3 b6 8. Bg2
Bb7 9. Bxb7 Qxb7 10. Qf3 Qxf3 11. Nxf3 Nc6 12. Bd2 Rc8 13. Ke2 Bb4 14. Rac1 O-O
15. Rhd1 Rc7 16. Na4 Rb8 17. a3 Bxd2 18. Nxd2 b5 19. Nc5 Ra8 20. Nxa6 Rxa6 21.
cxb5 Rb6 22. bxc6 Rbxc6 23. Nb3 Kf8 24. Rxc6 Rxc6 25. Nd4 Rb6 26. b4 Ra6 27.
Rd3 Ke7 28. Nb5 Rb6 29. a4 Nd5 30. Rb3 Rb8 31. e4 Nb6 32. Nc3 Nc4 33. f4 Kd6
34. Kd3 Na5 35. Rb1 Nc6 36. e5+ Ke7 37. b5 Na5 38. Ne4 f5 39. Nd6 Kd8 40. Rc1
Ra8 41. Rc3 Rb8 42. Kd4 h6 43. Kc5 g5 44. b6 Nc6 45. Kb5 g4 46. Rxc6 dxc6+ 47.
Kxc6 1-0

[Event "European Youth Chess Championship B12"]
[Site "Prague, Top Hotel Prague"]
[Date "2016.08.19"]
[Round "2.5"]
[White "Karaoglan, Doruk"]
[Black "Oglaza, Oskar"]
[Result "0-1"]
[WhiteElo "1889"]
[BlackElo "2128"]
[PlyCount "120"]
[EventDate "2016.08.18"]

1. e4 c5 2. Nc3 e6 3. g3 d5 4. exd5 exd5 5. Bg2 Nf6 6. d3 d4 7. Ne4 Nxe4 8.
Bxe4 Nd7 9. Ne2 Nf6 10. Bg2 Bd6 11. O-O O-O 12. h3 Bd7 13. Bf4 Qc7 14. Bxd6
Qxd6 15. Nf4 Bc6 16. Re1 Rfe8 17. Qd2 Nd7 18. Rxe8+ Rxe8 19. Bxc6 Qxc6 20. Ng2
Ne5 21. Nh4 f6 22. f4 Nf3+ 23. Nxf3 Qxf3 24. Qf2 Qe2 25. Rf1 b5 26. Qxe2 Rxe2
27. Rf2 Re3 28. Kg2 Kf7 29. Rf3 Re2+ 30. Rf2 Re7 31. Kf1 Re3 32. Kg2 Ke7 33.
Rf3 Re2+ 34. Rf2 Re6 35. Kf1 Kd7 36. Re2 Rc6 37. Ke1 a5 38. Kd2 a4 39. Re4 Re6
40. Rxe6 Kxe6 41. Ke2 Kd5 42. Kd2 h5 43. Ke2 g5 44. Kf3 c4 45. dxc4+ Kxc4 46.
fxg5 fxg5 47. Ke4 b4 48. h4 gxh4 49. gxh4 a3 50. bxa3 bxa3 51. Ke5 Kc3 52. Ke4
Kb2 53. Kd3 Kxa2 54. c4 Kb3 55. c5 a2 56. Kxd4 a1=Q+ 57. Kd5 Qf6 58. c6 Qxh4
59. c7 Qc4+ 60. Kd6 h4 0-1

[Event "European Youth Chess Championship B12"]
[Site "Prague, Top Hotel Prague"]
[Date "2016.08.19"]
[Round "2.6"]
[White "Decuigniere, Tom"]
[Black "Mitev, Valentin"]
[Result "0-1"]
[WhiteElo "1878"]
[BlackElo "2119"]
[PlyCount "72"]
[EventDate "2016.08.18"]

1. c4 Nf6 2. Nc3 g6 3. g3 Bg7 4. Bg2 c6 5. Nf3 O-O 6. O-O d5 7. cxd5 cxd5 8. d4
Nc6 9. Bf4 Nh5 10. Bd2 e6 11. e3 f5 12. Ne2 Nf6 13. Nf4 Ne4 14. h4 Qd6 15. Nd3
b6 16. Qa4 Bd7 17. Bb4 Nxb4 18. Qxb4 Qxb4 19. Nxb4 a5 20. Nc2 Rfc8 21. Rfc1 Rc7
22. Nce1 Rac8 23. Nd3 Bh6 24. Rxc7 Rxc7 25. Rc1 Rxc1+ 26. Nxc1 Nxg3 27. Ne5 Bb5
28. Ncd3 Ne4 29. Bf1 Nd2 30. Be2 Bg7 31. b3 Bxe5 32. dxe5 Bxd3 33. Bxd3 Nf3+
34. Kf1 Nxe5 35. Be2 Kf7 36. f4 Ng4 0-1

[Event "European Youth Chess Championship B12"]
[Site "Prague, Top Hotel Prague"]
[Date "2016.08.19"]
[Round "2.7"]
[White "Ahmadzada, Ahmad"]
[Black "Arbuzov, Timofey"]
[Result "1-0"]
[WhiteElo "2113"]
[BlackElo "1870"]
[PlyCount "99"]
[EventDate "2016.08.18"]

1. e4 d6 2. d4 Nf6 3. Nc3 e5 4. Nf3 Nbd7 5. Bc4 Be7 6. O-O O-O 7. Re1 c6 8. a4
h6 9. dxe5 dxe5 10. Qe2 Qc7 11. Nh4 Nc5 12. Ng6 Re8 13. f4 exf4 14. Bxf4 Qb6
15. a5 Qxb2 16. Be5 Bg4 17. Qf2 Qb4 18. Nxe7+ Rxe7 19. Bd6 Qxc4 20. Bxe7 Qxc3
21. Bxc5 Nxe4 22. Qd4 Qxc5 23. Rxe4 Qxd4+ 24. Rxd4 Bf5 25. c3 Kf8 26. Rb4 Rb8
27. Ra2 Bd3 28. Rab2 Bb5 29. Rd2 a6 30. Re4 c5 31. Re5 c4 32. Rd6 Re8 33. Rxe8+
Kxe8 34. Kf2 Bd7 35. Ke3 Kd8 36. Kd4 Kc7 37. Kc5 Bc6 38. g3 Bd7 39. Rd4 Be6 40.
h4 h5 41. Rd2 g6 42. Rd6 Bd7 43. Rd2 Be6 44. Rd4 f5 45. Rd6 Bf7 46. Rf6 Be8 47.
Kxc4 Kd8 48. Kd5 Ke7 49. Ke5 Bf7 50. Rb6 1-0

[Event "European Youth Chess Championship B12"]
[Site "Prague, Top Hotel Prague"]
[Date "2016.08.19"]
[Round "2.8"]
[White "Harutyunyan, Safar"]
[Black "Dardha, Daniel"]
[Result "1-0"]
[WhiteElo "1867"]
[BlackElo "2095"]
[PlyCount "51"]
[EventDate "2016.08.18"]

1. e4 c5 2. Nf3 Nc6 3. c3 Nf6 4. e5 Nd5 5. d4 cxd4 6. Bc4 Nb6 7. Bb3 d6 8. exd6
Qxd6 9. O-O dxc3 10. Nxc3 e6 11. Nb5 Qb8 12. Bg5 f6 13. Bh4 Bd7 14. Re1 e5 15.
Rc1 a6 16. Nxe5 fxe5 17. Qf3 Be7 18. Rxc6 Rf8 19. Nc7+ Qxc7 20. Qxf8+ Kxf8 21.
Bxe7+ Kxe7 22. Rxc7 Kd6 23. Rcc1 Re8 24. Red1+ Ke7 25. Rc7 Rb8 26. Ba4 1-0

[Event "European Youth Chess Championship B12"]
[Site "Prague, Top Hotel Prague"]
[Date "2016.08.19"]
[Round "2.9"]
[White "Subelj, Jan"]
[Black "Carbonell, Sancho Marc"]
[Result "0-1"]
[WhiteElo "2088"]
[BlackElo "1857"]
[PlyCount "70"]
[EventDate "2016.08.18"]

1. e4 c5 2. Nf3 Nc6 3. Bb5 g6 4. Bxc6 bxc6 5. O-O Bg7 6. d3 d6 7. Re1 e5 8.
Nbd2 Ne7 9. Nc4 O-O 10. Bd2 Ba6 11. h4 Bxc4 12. dxc4 f5 13. exf5 Nxf5 14. Bg5
Bf6 15. Bxf6 Qxf6 16. Ng5 Nxh4 17. Ne4 Qf4 18. Qxd6 Qg4 19. Ng3 Rxf2 20. Kxf2
Rf8+ 21. Qxf8+ Kxf8 22. Re4 Qg5 23. Rae1 Kg7 24. R1e3 Nf5 25. Nxf5+ Qxf5+ 26.
Ke2 Qg5 27. g4 Kf6 28. c3 h5 29. gxh5 gxh5 30. Kf2 Ke6 31. b4 h4 32. Ke1 h3 33.
Kd1 h2 34. Rh3 Qg1+ 35. Re1 Qg4+ 0-1

[Event "European Youth Chess Championship B12"]
[Site "Prague, Top Hotel Prague"]
[Date "2016.08.19"]
[Round "2.10"]
[White "Van, Dael Siem"]
[Black "Krejcok, Tobias"]
[Result "1-0"]
[WhiteElo "2082"]
[BlackElo "1851"]
[PlyCount "81"]
[EventDate "2016.08.18"]

1. e4 c5 2. Nf3 Nc6 3. d4 cxd4 4. Nxd4 e5 5. Nb5 d6 6. N1c3 a6 7. Na3 Be7 8.
Nc4 Nf6 9. Be3 b5 10. Nb6 Rb8 11. Nxc8 Qxc8 12. f3 h6 13. Qd2 O-O 14. O-O-O Rd8
15. g4 b4 16. Nd5 Nxd5 17. Qxd5 Rf8 18. Kb1 b3 19. cxb3 Nb4 20. Qc4 Qd7 21. Qc3
Qb7 22. Bc4 Rfc8 23. a3 Nc6 24. Bd5 Qd7 25. Qd2 Bf8 26. g5 hxg5 27. h4 g4 28.
fxg4 Ne7 29. Bc4 Qb7 30. Rhf1 Qxe4+ 31. Ka1 d5 32. Bxd5 Nxd5 33. Qxd5 Qxe3 34.
Qxf7+ Kh8 35. Rf5 Rc6 36. Rh5+ Rh6 37. g5 Qe2 38. gxh6 Qxd1+ 39. Ka2 g6 40.
Rxe5 Bxh6 41. Re7 1-0

[Event "European Youth Chess Championship B12"]
[Site "Prague, Top Hotel Prague"]
[Date "2016.08.19"]
[Round "2.11"]
[White "Bilych, Olexiy"]
[Black "Morgunov, Marc"]
[Result "0-1"]
[WhiteElo "1860"]
[BlackElo "2078"]
[PlyCount "134"]
[EventDate "2016.08.18"]

1. e4 c5 2. Nf3 Nc6 3. d4 cxd4 4. Nxd4 e5 5. Nb5 a6 6. Nd6+ Bxd6 7. Qxd6 Qf6 8.
Qd2 Nge7 9. Nc3 d6 10. Bd3 Be6 11. O-O O-O 12. f4 Qh6 13. f5 Qxd2 14. Bxd2 Bd7
15. Bg5 f6 16. Bc4+ Kh8 17. Be3 Na5 18. Bb3 Nxb3 19. axb3 Bc6 20. Rad1 Rad8 21.
Bb6 Rd7 22. Nd5 Bxd5 23. exd5 g6 24. fxg6 hxg6 25. c4 f5 26. b4 Rf7 27. Kf2 f4
28. Kf3 Nf5 29. Ke4 Rh7 30. Bg1 Rh4 31. Kf3 Rh5 32. Rd2 Rg5 33. Bf2 Re7 34. Re1
Rh5 35. h3 Ng7 36. c5 Ne8 37. cxd6 Nxd6 38. Bc5 Rd7 39. Bxd6 Rxd6 40. Rc1 Rg5
41. Ke4 Kg7 42. h4 Rh5 43. Rc7+ Kf6 44. Rxb7 Rxh4 45. Rb8 Rh1 46. Rf8+ Ke7 47.
Rc8 Re1+ 48. Kf3 Re3+ 49. Kf2 e4 50. Rd4 Kf6 51. Re8 Kf5 52. g4+ Kxg4 53. Re6
Rd8 54. d6 Kf5 55. Re7 Rd3 56. Rdxe4 R8xd6 57. R7e5+ Kg4 58. b5 Rd2+ 59. Kg1
axb5 60. Rxb5 Kf3 61. Re1 Rg2+ 62. Kf1 Rdd2 63. Rb3+ Kg4 64. Re6 g5 65. Re5
Rxb2 66. Rxb2 Rxb2 67. Ra5 f3 0-1

[Event "European Youth Chess Championship B12"]
[Site "Prague, Top Hotel Prague"]
[Date "2016.08.19"]
[Round "2.12"]
[White "Nguyen, Alex Dac-Vuong"]
[Black "Yaniv, Yuval"]
[Result "1/2-1/2"]
[WhiteElo "2069"]
[BlackElo "1845"]
[PlyCount "95"]
[EventDate "2016.08.18"]

1. e4 c5 2. c3 d6 3. d4 Nf6 4. Bd3 cxd4 5. cxd4 g6 6. Nc3 Bg7 7. Nf3 Bg4 8. h3
Bxf3 9. Qxf3 Nc6 10. Be3 Nd7 11. Bc4 O-O 12. Rd1 Qb6 13. Nd5 Qxb2 14. O-O Qa3
15. Rb1 Rab8 16. Rfc1 e6 17. Nc7 a6 18. Qd1 Nf6 19. d5 exd5 20. Bxd5 Nxd5 21.
Nxd5 Qxa2 22. Bb6 Rbe8 23. f3 f5 24. Nc7 Re7 25. exf5 Re2 26. Qd5+ Qxd5 27.
Nxd5 Rxf5 28. Ne3 Rf7 29. Rd1 Rd7 30. Kf1 Rb2 31. Rxb2 Bxb2 32. Nc4 Be5 33. Bc5
Kf7 34. Be3 b5 35. Nb6 Rd8 36. Rc1 Ne7 37. f4 Bf6 38. Rc7 d5 39. Bc5 d4 40.
Bxe7 Bxe7 41. Nc8 Kf6 42. Nxe7 d3 43. Ke1 Re8 44. Rc6+ Kxe7 45. Rxa6 Rd8 46.
Kd2 Rd7 47. Rb6 Rd5 48. g4 1/2-1/2

[Event "European Youth Chess Championship B12"]
[Site "Prague, Top Hotel Prague"]
[Date "2016.08.19"]
[Round "2.13"]
[White "Schlegel, Igor"]
[Black "Trifan, Andrei Ioan"]
[Result "0-1"]
[WhiteElo "1856"]
[BlackElo "2069"]
[PlyCount "52"]
[EventDate "2016.08.18"]

1. e4 e5 2. Nf3 Nc6 3. Bc4 Bc5 4. b4 Bb6 5. a4 a6 6. Nc3 Nf6 7. Nd5 Nxd5 8.
exd5 Nd4 9. a5 Ba7 10. O-O d6 11. Nxd4 Bxd4 12. c3 Ba7 13. d3 O-O 14. Be3 f5
15. Bxa7 Rxa7 16. f4 exf4 17. Rxf4 Bd7 18. Bb3 Qf6 19. d4 Raa8 20. Bc2 Rae8 21.
h4 Re3 22. Qd2 Rfe8 23. Raf1 g6 24. Bd3 Rg3 25. Re1 Rxe1+ 26. Qxe1 Rxd3 0-1

[Event "European Youth Chess Championship B12"]
[Site "Prague, Top Hotel Prague"]
[Date "2016.08.19"]
[Round "2.14"]
[White "Solomon, Asif"]
[Black "Baum, Jonasz"]
[Result "1-0"]
[WhiteElo "2057"]
[BlackElo "1842"]
[PlyCount "111"]
[EventDate "2016.08.18"]

1. d4 Nf6 2. c4 e6 3. Nc3 d5 4. cxd5 exd5 5. Bg5 Nbd7 6. e3 c6 7. Bd3 Be7 8.
Qc2 Nh5 9. Bxe7 Qxe7 10. Qe2 g6 11. Nf3 Ndf6 12. O-O O-O 13. Ne5 Ng7 14. Rfb1
Bf5 15. b4 a5 16. Qb2 Ng4 17. Nxg4 Bxd3 18. Rd1 Bc4 19. Rab1 f6 20. h3 Nf5 21.
bxa5 h5 22. Nh2 Rfb8 23. Qb4 Qxb4 24. Rxb4 Rxa5 25. a4 Nd6 26. Nf3 Kf7 27. Nd2
g5 28. e4 Re8 29. Nxc4 dxc4 30. e5 Nc8 31. Rxb7+ Re7 32. Rb8 Rc7 33. Ne4 Ne7
34. Nd6+ Ke6 35. Ne8 Rc8 36. Rxc8 Nxc8 37. Nxf6 Rxa4 38. Ne4 Kf5 39. Ng3+ Ke6
40. Nxh5 c3 41. Rc1 Rxd4 42. Rxc3 Ne7 43. Ng3 Kxe5 44. Re3+ Kf6 45. Ne4+ Kg6
46. Nxg5 Rd1+ 47. Kh2 Nf5 48. Re5 Kf6 49. Nf3 Nh4 50. Re3 Nxf3+ 51. Rxf3+ Ke5
52. g4 c5 53. g5 c4 54. g6 Rd8 55. g7 Rg8 56. Rg3 (56. Rg3 Kd4 57. f4 c3 58.
Rg2 Ke4 59. h4 Kxf4 $11) 1-0

[Event "European Youth Chess Championship B12"]
[Site "Prague, Top Hotel Prague"]
[Date "2016.08.19"]
[Round "2.15"]
[White "Czernek, Tymon"]
[Black "Uzumcu, Ahmet Utku"]
[Result "0-1"]
[WhiteElo "1847"]
[BlackElo "2047"]
[PlyCount "80"]
[EventDate "2016.08.18"]

1. e4 c5 2. b4 cxb4 3. Bb2 d6 4. d4 e6 5. Bd3 Nf6 6. d5 e5 7. Nd2 Nbd7 8. Nb3
Qc7 9. Ne2 Be7 10. Ng3 Nb6 11. Bb5+ Kf8 12. O-O h5 13. Bd3 Na4 14. Rb1 Nc3 15.
Bxc3 bxc3 16. f4 Ng4 17. Qf3 exf4 18. Qxf4 Bf6 19. h3 Be5 20. Qf3 h4 21. Ne2
Nh2 22. Qf2 Nxf1 23. Rxf1 Kg8 24. Ned4 Qe7 25. Qe1 Qg5 26. Rf3 Rh6 27. Nf5 Bxf5
28. Rxf5 Qe7 29. Na5 Re8 30. Qb1 Bd4+ 31. Kh1 Rf6 32. Rh5 Rf4 33. Qc1 Be5 34.
Rf5 Rxf5 35. exf5 Bd4 36. Qf4 Qe1+ 37. Bf1 Bf2 38. Qc4 Re4 39. Qd3 Rd4 40. Qe2
Rd1 0-1

[Event "European Youth Chess Championship B12"]
[Site "Prague, Top Hotel Prague"]
[Date "2016.08.19"]
[Round "2.16"]
[White "Schernthaner, David"]
[Black "Kochavi, Ori"]
[Result "0-1"]
[WhiteElo "1844"]
[BlackElo "2038"]
[PlyCount "112"]
[EventDate "2016.08.18"]

1. e4 c5 2. Nf3 e6 3. d4 cxd4 4. Nxd4 a6 5. Bd3 Qc7 6. Qe2 Nc6 7. Nxc6 bxc6 8.
O-O d6 9. c4 Nf6 10. Nc3 e5 11. f4 Be7 12. Kh1 h5 13. h3 h4 14. Be3 Nh5 15. Qf3
Ng3+ 16. Kh2 Nxf1+ 17. Rxf1 Bf6 18. f5 Rb8 19. b3 Bb7 20. Bg1 Qa5 21. Na4 c5
22. Bc2 Qd2 23. Qc3 Qxc3 24. Nxc3 O-O 25. Be3 Bc6 26. Rd1 Rfd8 27. Nd5 Bxd5 28.
Rxd5 g6 29. fxg6 fxg6 30. Rd1 Kg7 31. Bd2 Be7 32. Re1 Rf8 33. Kg1 Rf7 34. Be3
Kh7 35. Bd1 Bf8 36. Bg5 Be7 37. Bxe7 Rxe7 38. Kf2 a5 39. a4 Rf7+ 40. Ke2 Rbf8
41. Kd2 Rf2+ 42. Re2 Kh6 43. Ke3 Rf1 44. Rd2 Re1+ 45. Be2 Rf6 46. Rd3 Rg1 47.
Bf3 Kg5 48. Rd2 Rb1 49. Rd3 Rb2 50. Be2 Kh6 51. Bf3 Kg7 52. Be2 Kf7 53. Bf3 Kg7
54. Be2 Rf8 55. Bf3 Rb8 56. Bd1 Rxg2 0-1

[Event "European Youth Chess Championship B12"]
[Site "Prague, Top Hotel Prague"]
[Date "2016.08.19"]
[Round "2.17"]
[White "Ognean, Mihnea-Ionut"]
[Black "Horobrijs, Daniils"]
[Result "1-0"]
[WhiteElo "2037"]
[BlackElo "1829"]
[PlyCount "71"]
[EventDate "2016.08.18"]

1. e4 c5 2. Nf3 Nc6 3. d4 cxd4 4. Nxd4 Nf6 5. Nc3 e5 6. Ndb5 d6 7. Bg5 a6 8.
Na3 b5 9. Nd5 Be7 10. Bxf6 Bxf6 11. c4 b4 12. Nc2 a5 13. h4 O-O 14. g3 g6 15.
Qd2 Rb8 16. Nce3 Nd4 17. O-O-O Bd7 18. Kb1 Bg7 19. h5 f5 20. hxg6 hxg6 21. exf5
Bxf5+ 22. Nxf5 gxf5 23. f4 Rf7 24. Qh2 a4 25. g4 a3 26. b3 Nxb3 27. axb3 a2+
28. Kc2 e4 29. Be2 Qa5 30. Qh7+ Kf8 31. Qg6 Qc5 32. gxf5 Rd8 33. f6 Bxf6 34.
Nxf6 Qf2 35. Rh8+ Ke7 36. Nd5+ 1-0

[Event "European Youth Chess Championship B12"]
[Site "Prague, Top Hotel Prague"]
[Date "2016.08.19"]
[Round "2.18"]
[White "Ingebretsen, Jens E"]
[Black "Ozenir, Ekin Baris"]
[Result "0-1"]
[WhiteElo "1841"]
[BlackElo "2030"]
[PlyCount "104"]
[EventDate "2016.08.18"]

1. e4 e6 2. d4 d5 3. Nd2 c5 4. Ngf3 Nc6 5. Bb5 Nf6 6. e5 Nd7 7. O-O Qb6 8. Bxc6
bxc6 9. c4 cxd4 10. cxd5 exd5 11. Re1 Be7 12. Nb3 c5 13. Bg5 Nf8 14. Bxe7 Kxe7
15. e6 Bxe6 16. Rc1 Nd7 17. Qd2 h6 18. Qf4 Qd6 19. Qd2 Rhc8 20. Qa5 Kf8 21. Qa3
Kg8 22. Nbxd4 Bg4 23. h3 Bxh3 24. Nb5 Qb6 25. Nc3 Be6 26. Ne5 Nxe5 27. Rxe5 Qc7
28. Rce1 d4 29. Nd1 c4 30. Qf3 Qc6 31. Qg3 Re8 32. Qf4 Rad8 33. R5e4 d3 34. Nc3
Qb6 35. Qd2 Rb8 36. Rb1 Qc6 37. Qf4 Bd5 38. Rxe8+ Rxe8 39. g3 Bh1 40. f3 Bxf3
41. Rf1 Qc5+ 42. Kh2 Qh5+ 43. Qh4 Qxh4+ 44. gxh4 Be2 45. Rg1 d2 46. Kg2 Bh5 47.
Kf2 Re6 48. Nd1 Bxd1 49. Rxd1 g5 50. hxg5 hxg5 51. Kg3 f5 52. Kf3 Kf7 0-1